• 首页
  • 本馆介绍
  • 公告通知
  • 最新文献
  • 馆藏检索
  • 电子资源
  • 读者导购
  • 参考咨询
  • 我的图书馆
  • 登录
  • 详细信息显示
  • 放入我的书架
  • 预约/预借图书
  • 作者相关作品
  • 分类相关作品
  • 丛书相关作品
  • 出版社相关作品

书目信息

  • 表格格式
  • 工作单格式
  • 卡片格式
题名:
咖喱的基础知识
    
 
作者: ;刘美凤 译 ;日本株式会社枻出版社 编
分册:  
出版信息: 北京   北京美术摄影出版社  2020
页数: 191页
开本: 21cm
丛书名:
单 册:
中图分类: TS264.9 , TS264.9
科图分类:
主题词: 调味品--基本知识
电子资源:
ISBN: 978-7-5592-0370-0
000 01347nam0 2200241 450
001 2145722917
005 20211116124220.55
010    @a978-7-5592-0370-0@dCNY79.00
100    @a20201107d2020 em y0chiy50 ea
101 1  @achi@cjpn
102    @aCN@b110000
105    @aa z 000yy
200 1  @a咖喱的基础知识@9ga li de ji chu zhi shi@f日本株式会社枻出版社编@g刘美凤译
210    @a北京@c北京美术摄影出版社@d2020
215    @a191页@c彩图,照片@d21cm
330    @a《咖喱的基础知识》中介绍了咖喱的方方面面,从世界各地的咖喱品种、咖喱的历史小知识,到香辛料和食材的选择、咖喱的经典搭配,再到自制咖喱食谱、速溶咖喱块测评、成品咖喱商品测评......关于咖喱的一切应有尽有。 咖喱的烹调虽然起源于南亚,且盛行于南亚和东南亚,但在日本也非常普及。日本对咖喱的烹调具有独特之处,更适合东亚地区人们的口味。本书介绍了咖喱的制作方法、适合与咖喱搭配的菜肴,以及世界各地(印度、泰国、欧洲、非洲)咖喱的特点。还详细介绍了日本各地咖喱的特点以及不同历史时期的演进。本书为日文引进版图文书,对日本人和中国人来说,咖喱都是一个舶来品。虽然此书是日本作者立足于日本的视角所写的咖喱史,但不妨碍我们通过此书了解世界的咖喱。
606 0  @a调味品@x基本知识
690    @aTS264.9@v5
690    @aTS264.9@v4
702  0 @a刘美凤@9liu mei feng@4译
711 02 @a日本株式会社枻出版社@9ri ben zhu shi hui she xie chu ban she@4编
801  0 @aCN@b山东中教@c20211112
905    @aZUCC@dTS264.9@e1
    
    咖喱的基础知识/日本株式会社枻出版社编/刘美凤译.-北京:北京美术摄影出版社,2020
    191页:彩图,照片;21cm
    
    
    ISBN 978-7-5592-0370-0:CNY79.00
    《咖喱的基础知识》中介绍了咖喱的方方面面,从世界各地的咖喱品种、咖喱的历史小知识,到香辛料和食材的选择、咖喱的经典搭配,再到自制咖喱食谱、速溶咖喱块测评、成品咖喱商品测评......关于咖喱的一切应有尽有。 咖喱的烹调虽然起源于南亚,且盛行于南亚和东南亚,但在日本也非常普及。日本对咖喱的烹调具有独特之处,更适合东亚地区人们的口味。本书介绍了咖喱的制作方法、适合与咖喱搭配的菜肴,以及世界各地(印度、泰国、欧洲、非洲)咖喱的特点。还详细介绍了日本各地咖喱的特点以及不同历史时期的演进。本书为日文引进版图文书,对日本人和中国人来说,咖喱都是一个舶来品。虽然此书是日本作者立足于日本的视角所写的咖喱史,但不妨碍我们通过此书了解世界的咖喱。
●
相关链接 在五车中查询图书 在当当中查询图书 在豆瓣中查询图书


正题名:咖喱的基础知识     索取号:TS264.9/1         预约/预借

序号 登录号 条形码 馆藏地/架位号 状态 备注
1 2000886993   2000886993   第三书库/ [索取号:TS264.9/1] 在馆    
2 2000886994   2000886994   第三书库/ [索取号:TS264.9/1] 在馆    
3 2000886995   2000886995   第三书库/ [索取号:TS264.9/1] 在馆    
山东省滨州职业学院图书馆 欢迎您!
大连网信软件有限公司© 版权所有